Gaming Quiz

Random Gaming Quiz

Settlers of Catan Resources Quiz Stats

Quiz not verified by Sporcle

Challenge
Share
Tweet
Embed
Score 0/8 Timer 01:00
0 Plays Today
Game Packs Resources % Correct
Starting Game, C & KOre
100%
Starting Game, C & KWool
98.1%
Starting Game, C & KLumber
90.7%
Starting Game, C & KWheat
88.9%
Starting Game, C & KClay
77.8%
C & KBooks
44.4%
C & K Coins
38.9%
C & KCloth
31.5%

You're not logged in!

Compare scores with friends on all Sporcle quizzes.
Sign Up with Email
OR
Log In

You Might Also Like...

Show Comments

Extras

Top Quizzes Today


Score Distribution

Your Account Isn't Verified!

In order to create a playlist on Sporcle, you need to verify the email address you used during registration. Go to your Sporcle Settings to finish the process.

Report this User

Report this user for behavior that violates our Community Guidelines.

Details: